| 000 | 01207nam a22003377a 4500 | ||
|---|---|---|---|
| 003 | CHAP | ||
| 005 | 20220329135847.0 | ||
| 008 | 971013s1995 r 00010 d | ||
| 010 | _a43456 | ||
| 011 | _a44428 | ||
| 035 | _a48566 | ||
| 040 | _cCHAP | ||
| 090 | _aTesis | ||
| 100 | 0 | 0 |
_aGarcía Flores, Eduardo. _945985 |
| 245 | _aEvaluación de 6 concentraciones de la solución Hoagland en la producción de blanco de champiñon (Agaricus bisporus), empleando como estrato de cultivo el grano de trigo | ||
| 260 |
_aMarín, N. L. : _bEl autor, _c1995 |
||
| 300 | _a37 h. | ||
| 502 | _aTesis (Ing. Agr. Fitotecnista) -- Universidad Autónoma de Nuevo León. Facultad de Agronomía | ||
| 590 |
_aALEPH _b10 _c20130110 _lUCH01 _h1312 |
||
| 590 |
_aBATCH-UPD _b10 _c20130110 _lUCH01 _h1709 |
||
| 590 |
_aBATCH-UPD _b10 _c20130410 _lUCH01 _h1055 |
||
| 590 |
_aBATCH-UPD _b10 _c20130914 _lUCH01 _h1829 |
||
| 590 |
_aCONVERSION _b10 _c20130109 _lUCH01 _h1324 |
||
| 650 | 1 | 4 |
_aAgaricus bisporus. _91063 |
| 650 | 1 | 4 |
_aSetas _xRendimiento. _9105381 |
| 650 | 1 | 4 |
_aSoluciones nutritivas. _9108527 |
| 650 | 1 | 4 |
_aSustratos. _9110789 |
| 901 | _aBK | ||
| 942 | _cTESIS | ||
| 949 |
_bBC _cTES _d-109897 _eTS1 _h28034 _i48566 _si |
||
| 999 |
_c43456 _d43456 |
||